000 00440nam a2200169 i 4500
001 bg
100 1 _aUJMA, Janina
245 0 _aĆwiczenia laboratoryjne z chemii budowlanej /
_cJ. Ujma, A. Banaszkiewicz, A. Mazanek.
250 _aWyd.2.
260 _aCzęstochowa,
_c1990.
700 1 _aBANASZKIEWICZ, Adam
700 1 _aMAZANEK, Alicja
040 _cBPK
041 _apol
942 _cKS
008 s pl f |000 0 pol
999 _c4331
_d4331
856 _uhttp://koha.tu.koszalin.pl/cgi-bin/koha/opac-detail.pl?biblionumber=4331
_yKatalog online BPK